| 000 | 00720nam a2200301Ia 4500 | ||
|---|---|---|---|
| 005 | 20260401122444.0 | ||
| 008 | 008 250103s9999 xx 000 0 eng d | ||
| 020 | _a8173044104 | ||
| 037 | _aTB | ||
| 040 | _aEDL | ||
| 040 | _beng | ||
| 040 | _cEDL | ||
| 041 | _2eng | ||
| 041 | _aeng | ||
| 084 | _a891.443MUK | ||
| 084 | _qEDL | ||
| 100 |
_aMukhia, Banani _91233210 |
||
| 245 | 0 | _aWomen's images man's imagination : Female charters in Bengali fiction in late 19th c. early 20th C. | |
| 245 | 0 | _cMukhia, Banani | |
| 260 | _aNew Delhi | ||
| 260 | _bManohar | ||
| 260 | _c2002 | ||
| 300 | _a167p | ||
| 942 | _cTB | ||
| 942 | _h891.443MUK | ||
| 999 |
_c1847397 _d1847397 |
||